000 01440nam a2200313 a 4500
999 _c122336
_d122336
003 BLK
005 20240319090851.0
008 180409b bul|||||r ||||||| ||bul||
010 _aKNG00127972000
040 _aBLK
041 _aBUL
_cBUL
080 _aБългарска литература
_b821.163.2
_x-2
_z821.163.2-2
100 _aАсенов, Драгомир
_gМеламед, Жак Нисим
_cПисател. Работил в русенския в. "Дунавски отечествен фронт", един от основателите на "Дунавски културен фронт"
_d1926 - 1981
_9272757
139 _aАсенов, Драгомир
_bА 92
245 1 0 _aДве съвременни пиеси
_bОтвъд миражите и Златното покритие
_cДрагомир Асенов.
257 _aBGR
260 _aСофия
_bПрофиздат
_c1978
300 _a176 с.
_c21 см
380 _aX
500 _aИстинското име на авт. е Жак Нисим Меламед. - 1 200 тир.
700 1 _aМеламед, Жак Нисим
_e*
_9272758
852 _aЦб 94830
856 4 _qpdf
_i0.00
_ldisable
856 4 _qpdf
_i0.00
_ldisable
942 _cKNG
_n0
_s1
944 _aCR
_c25.02.2012
_lМоника Янева
_k30570
944 _aED
_c25.02.2012
_l25.02.2012 - от С1,Р / 25.02.2012
999 _d122336